000
00342nam a2200145Ia 4500
008
230718s9999 xx 000 0 und d
041
_a
Eng.
082
_a
34206
_b
IKR-T
100
_a
Ikram, Qurban Sadiq
245
4
_a
The Administrative law
260
_a
Pakistan
_b
Punjab law house
_c
2003
300
_a
400
650
_a
Law
999
_c
28579
_d
28579